Introduction (notice n° 1742983)
[ vue normale ]
| 000 -LEADER | |
|---|---|
| fixed length control field | 00987cam a2200169 4500500 |
| 005 - DATE AND TIME OF LATEST TRANSACTION | |
| control field | 20260322004755.0 |
| 041 ## - LANGUAGE CODE | |
| Language code of text/sound track or separate title | fre |
| 042 ## - AUTHENTICATION CODE | |
| Authentication code | dc |
| 100 10 - MAIN ENTRY--PERSONAL NAME | |
| Personal name | Chapon-Crouzet, Nathalie |
| Relator term | author |
| 245 00 - TITLE STATEMENT | |
| Title | Introduction |
| 260 ## - PUBLICATION, DISTRIBUTION, ETC. | |
| Date of publication, distribution, etc. | 2005.<br/> |
| 500 ## - GENERAL NOTE | |
| General note | 78 |
| 520 ## - SUMMARY, ETC. | |
| Summary, etc. | La Preschool Autism Communication Therapy (pact) est un modèle d’intervention auprès des parents, basée sur de la guidance parentale par vidéo feedback. Il est destiné aux enfants porteurs de troubles du spectre de l’autisme diagnostiqués. Il s’agit de permettre au parent et à l’enfant de mieux communiquer grâce à la valorisation et au renforcement des compétences parentales. Nous présentons le contenu et l’intérêt de ce programme ainsi que des exemples de son utilisation en camsp. |
| 700 10 - ADDED ENTRY--PERSONAL NAME | |
| Personal name | Neyrand, Gérard |
| Relator term | author |
| 786 0# - DATA SOURCE ENTRY | |
| Note | Dialogue | 167 | 1 | 2005-03-01 | p. 3-6 | 0242-8962 |
| 856 41 - ELECTRONIC LOCATION AND ACCESS | |
| Uniform Resource Identifier | <a href="https://shs.cairn.info/revue-dialogue-2005-1-page-3?lang=fr&redirect-ssocas=7080">https://shs.cairn.info/revue-dialogue-2005-1-page-3?lang=fr&redirect-ssocas=7080</a> |
Pas d'exemplaire disponible.




Réseaux sociaux